UM Logo

How taking photos increases enjoyment of experiences/ (Record no. 14478)

MARC details
000 -LEADER
fixed length control field 00643nam a2200169 4500
008 - FIXED-LENGTH DATA ELEMENTS--GENERAL INFORMATION
fixed length control field 190927b ||||| |||| 00| 0 eng d
022 ## - INTERNATIONAL STANDARD SERIAL NUMBER
International Standard Serial Number 00223514
082 ## - DEWEY DECIMAL CLASSIFICATION NUMBER
Classification number DPer 302.05 J82 July-Sept 2016 v. 111, n. 1-3.
100 ## - MAIN ENTRY--PERSONAL NAME
9 (RLIN) 39985
Personal name Diehl, Kristin.
245 ## - TITLE STATEMENT
Title How taking photos increases enjoyment of experiences/
Statement of responsibility, etc. Kristin Diehl, Gal Zauberman and Alixandra Barasch.
260 ## - PUBLICATION, DISTRIBUTION, ETC. (IMPRINT)
Place of publication, distribution, etc. Washington DC:
Name of publisher, distributor, etc. American Psychological Association,
Date of publication, distribution, etc. ©2016.
300 ## - PHYSICAL DESCRIPTION
Extent v111 n2, pages 119-140:
Other physical details illustrations;
Dimensions 27 cm.
650 ## - SUBJECT ADDED ENTRY--TOPICAL TERM
Topical term or geographic name as entry element Photography.
9 (RLIN) 40876
700 ## - ADDED ENTRY--PERSONAL NAME
9 (RLIN) 39987
Personal name Zauberman, Gal.
700 ## - ADDED ENTRY--PERSONAL NAME
Personal name Barasch, Alixandra
9 (RLIN) 40877
942 ## - ADDED ENTRY ELEMENTS (KOHA)
Source of classification or shelving scheme Dewey Decimal Classification
Koha item type Periodicals
Holdings
Withdrawn status Lost status Source of classification or shelving scheme Damaged status Not for loan Collection code Home library Current library Date acquired Total Checkouts Full call number Date last seen Price effective from Koha item type Public note
    Dewey Decimal Classification     Periodicals UM Digos College - LIC UM Digos College - LIC 09/27/2019   DPer 302.05 J82 July-Sept 2016 v. 111, n. 1-3. 09/27/2019 09/27/2019 Periodicals Periodical article